Can you name all 123 champions by their Q ability? Quiz Stats

Quiz not verified by Sporcle

Challenge
Share
Tweet
Embed
Score 0/123 Timer 15:00
0 Plays Today
Hint Answer % Correct
Wild CardsTwisted Fate
90%
Razor ShurikenZed
89.2%
Blinding DartTeemo
88.7%
StarcallSoraka
86.6%
Spinning AxeDraven
84.8%
Neurotoxin/Venomous BiteElise
84.8%
Time BombZilean
84%
Tiger StanceUdyr
84%
Boomerang Throw/Boulder TossGnar
83.5%
Piltover PeacemakerCaitlyn
82.7%
Javelin Toss/TakedownNidalee
82.7%
Rocket GrabBlitzcrank
82.3%
Tumble Vayne
82.3%
Bouncing BombZiggs
81.4%
Poison TrailSinged
80.5%
Bandage TossAmumu
80.1%
Null SphereKassadin
79.2%
TerrifyFiddlesticks
78.8%
Boomerang BladeSivir
78.4%
Thundering ShurikenKennen
77.9%
ParrrleyGangplank
77.1%
ConsumeNunu
76.6%
Frost ShotAshe
76.6%
Barrel RollGragas
76.6%
To the Skies!/Shock BlastJayce
76.2%
Command:AttackOrianna
76.2%
RuptureChogath
75.8%
Phosphorus BombCorki
75.3%
H-28G Evolution TurretHeimerdinger
75.3%
Alpha StrikeMaster yi
75.3%
Hate SpikeEvelynn
74.5%
Mystic ShotEzreal
74.5%
Aqua PrisonNami
74.5%
Shield of DaybreakLeona
74.5%
FlamespitterRumble
74.5%
Ice ShardLissandra
74%
Dark Binding Morgana
73.6%
Bouncing BladesKatarina
73.2%
Vault BreakerVi
73.2%
GlitterlanceLulu
72.7%
Light BindingLux
72.7%
Hint Answer % Correct
Infected CleaverDr Mundo
71.9%
Sonic Wave/Resonating StrikeLee Sin
70.6%
TransfusionVladimir
70.1%
PowerballRammus
69.3%
Mark of AssassinAkali
69.3%
BuckshotGraves
69.3%
Deadly BloomZyra
67.5%
Howling GaleJanna
65.8%
Orb of DeceptionAhri
64.5%
Crescent StrikeDiana
64.1%
Mace of SpadesMordekaiser
64.1%
Death SentenceThresh
64.1%
Piercing ArrowVarus
63.6%
Urchin StrikeFizz
63.2%
Blinding AssaultQuinn
62.8%
DeceiveShaco
62.8%
BladesurgeIrelia
62.3%
Piercing LightLucian
61.9%
Switcheroo!Jinx
61.5%
PulverizeAlistar
61%
Acid HunterUrgot
61%
Rapid FireTristana
60.6%
Siphoning StrikeNasus
59.7%
Crystal SlashSkarner
59.7%
Hymn of ValorSona
59.3%
Call of the VoidMalzahar
58.9%
Dark SphereSyndra
58.9%
Broken WingsRiven
55.8%
Rolling ThunderVolibear
55.8%
LungeFiora
55%
Conquering SandsAzir
54.5%
Double UpMiss Fortune
54.5%
DuskbringerNocturne
54.5%
Twin BiteShyvana
54.1%
Dredge LineNautilus
54.1%
Caustic SpittleKogmaw
53.7%
Leap StrikeJax
53.2%
UndertowOlaf
53.2%
ChompTrundle
52.4%
Omen of WarYorick
51.9%
Three Talon StrikeXin Zhao
51.5%
Hint Answer % Correct
Lay Waste Karthus
51.5%
ArcanopulseXerath
50.6%
AmbushTwitch
50.2%
Dark FlightAatrox
49.8%
SearBrand
49.8%
Seismic ShardMalphite
49.8%
Queen's Wrath/Prey SeekerReksai
49.4%
DecimateDarius
48.9%
Sigil of MaliceLeblanc
48.5%
Vorpal BladeShen
48.1%
Steel TempestYasuo
47.2%
Arctic AssaultSejuani
46.3%
Spear ShotPantheon
45.9%
Arcane SmashMaokai
45.5%
Plasma FissionVelkoz
45.5%
Hungering StrikeWarwick
45.5%
Noxious BlastCassiopeia
45%
Flash FrostAnivia
43.3%
Dragon StrikeJarvan
43.3%
Taste of FearKhazix
43.3%
Winter's BiteBraum
42.9%
Baleful StrikeVeigar
42.9%
Cull the MeekRenekton
42%
Decimating SmashSion
41.1%
Noxian DiplomacyTalon
39.8%
Stretching Strike Zac
39.8%
OverloadRyze
38.5%
ReckoningKayle
37.2%
BloodlustTryndamere
36.4%
Savagery Rengar
35.5%
PierceKalista
35.1%
DisintegrateAnnie
34.6%
Inner FlameKarma
34.6%
ImbueTaric
32.5%
Resolute SmiteGalio
32%
Decisive StrikeGaren
32%
DecrepifySwain
29%
Crushing BlowWukong
24.7%
Devastating BlowPoppy
22.1%
Siphon PowerViktor
19.9%
RampageHecarim
18.2%

You're not logged in!

Compare scores with friends on all Sporcle quizzes.
Join for Free
OR
Log In

You Might Also Like...

Show Comments

Extras

Created Dec 2, 2014ReportNominate
Tags:League of Legends Quiz

Top Quizzes Today


Score Distribution

Your Account Isn't Verified!

In order to create a playlist on Sporcle, you need to verify the email address you used during registration. Go to your Sporcle Settings to finish the process.

Report this User

Report this user for behavior that violates our Community Guidelines.

Details: